000
00307nam a22001337a 4500
008
170401b xxu||||| |||| 00| 0 eng d
020
_a
9780721649313
041
_a
eng
080
_a
617
100
_a
8
101
_a
SHM
245
_a
FUNDAMENTALS OF TECHNICAL PERSONNEL
_c
CASSIN, B
942
_2
udc
_c
BK
999
_c
9363
_d
9363